Think India : (Record no. 16372)

000 -LEADER
fixed length control field 03094cam a2200421 a 4500
001 - CONTROL NUMBER
control field 14958988
005 - DATE AND TIME OF LATEST TRANSACTION
control field 20170105102938.0
008 - FIXED-LENGTH DATA ELEMENTS--GENERAL INFORMATION
fixed length control field 070809s2007 nyuab b 001 0 eng
010 ## - LIBRARY OF CONGRESS CONTROL NUMBER
LC control number 2007032309
015 ## - NATIONAL BIBLIOGRAPHY NUMBER
National bibliography number GBA745141
Source bnb
016 7# - NATIONAL BIBLIOGRAPHIC AGENCY CONTROL NUMBER
Record control number 013767180
Source Uk
020 ## - INTERNATIONAL STANDARD BOOK NUMBER
International Standard Book Number 9780525950202 (hbk.)
020 ## - INTERNATIONAL STANDARD BOOK NUMBER
International Standard Book Number 0525950206 (hbk.)
035 ## - SYSTEM CONTROL NUMBER
System control number (OCoLC)ocn144596226
035 ## - SYSTEM CONTROL NUMBER
System control number (OCoLC)144596226
Canceled/invalid control number (OCoLC)144220283
040 ## - CATALOGING SOURCE
Original cataloging agency DLC
Transcribing agency DLC
Modifying agency YDX
-- UKM
-- BAKER
-- JED
-- JRZ
-- YDXCP
-- BUR
-- BTCTA
-- IXA
-- VP@
-- DLC
043 ## - GEOGRAPHIC AREA CODE
Geographic area code a-ii---
050 00 - LIBRARY OF CONGRESS CALL NUMBER
Classification number HC435.3
Item number .R34 2007
082 00 - DEWEY DECIMAL CLASSIFICATION NUMBER
Classification number 330.954
Edition number 22
Author Mark RAI 2007
100 1# - MAIN ENTRY--PERSONAL NAME
Personal name Rai, Vinay.
245 10 - TITLE STATEMENT
Title Think India :
Remainder of title the rise of the world's next superpower and what it means for every American /
Statement of responsibility, etc. Vinay Rai and William L. Simon.
260 ## - PUBLICATION, DISTRIBUTION, ETC.
Place of publication, distribution, etc. New York :
Name of publisher, distributor, etc. Dutton,
Date of publication, distribution, etc. c2007.
300 ## - PHYSICAL DESCRIPTION
Extent xv, 284 p. :
Other physical details ill., maps ;
Dimensions 24 cm.
504 ## - BIBLIOGRAPHY, ETC. NOTE
Bibliography, etc. note Includes bibliographical references (p. 259-272) and index.
505 0# - FORMATTED CONTENTS NOTE
Formatted contents note Welcome to India -- What makes India click? : a nation's unparalleled growth -- A slumbering elephant awakens -- India: shaped by its history -- Friends and tigers: the United States, India, and China -- India's growing global muscle -- Understanding Indians: philosophy, attitudes, etiquette -- Incredible India -- A tale of two Indias : the challenges of extreme poverty -- The Indian century.
520 ## - SUMMARY, ETC.
Summary, etc. With 1.1 billion residents, the world's largest democracy is poised to dominate the world stage. One of India's wealthiest men gives an insider's view into his country's dynamic transformation, revealing the forces and unique characteristics behind India's meteoric rise. India is not just software, outsourcing, and faraway call centers. With the economy soaring at 8 percent a year, India is a medical and pharmaceutical frontrunner, an R&D powerhouse, a rising manufacturing hub, and an up-and-coming cultural trendsetter in areas from fashion to film. And the world is taking note: Western companies from Lockheed Martin to McDonald's are moving in and research centers for Fortune 500 companies are popping up everywhere. Meanwhile, the U.S. military is forging close ties. Steel tycoon turned educator Vinay Rai, who now runs one of India's two private universities, couples with geopolitical writer Melissa Rossi to map out the rising new India.--From publisher description.
651 #0 - SUBJECT ADDED ENTRY--GEOGRAPHIC NAME
Geographic name India
General subdivision Economic policy
Chronological subdivision 1991-
651 #0 - SUBJECT ADDED ENTRY--GEOGRAPHIC NAME
Geographic name India
General subdivision Economic conditions
Chronological subdivision 1991-
651 #0 - SUBJECT ADDED ENTRY--GEOGRAPHIC NAME
Geographic name India
General subdivision Foreign economic relations.
651 #0 - SUBJECT ADDED ENTRY--GEOGRAPHIC NAME
Geographic name India
General subdivision Commerce.
700 1# - ADDED ENTRY--PERSONAL NAME
Personal name Simon, William L.,
Dates associated with a name 1930-
856 41 - ELECTRONIC LOCATION AND ACCESS
Materials specified Table of contents only
Uniform Resource Identifier <a href="http://www.loc.gov/catdir/toc/ecip081/2007032309.html">http://www.loc.gov/catdir/toc/ecip081/2007032309.html</a>
856 42 - ELECTRONIC LOCATION AND ACCESS
Materials specified Contributor biographical information
Uniform Resource Identifier <a href="http://www.loc.gov/catdir/enhancements/fy0827/2007032309-b.html">http://www.loc.gov/catdir/enhancements/fy0827/2007032309-b.html</a>
856 42 - ELECTRONIC LOCATION AND ACCESS
Materials specified Publisher description
Uniform Resource Identifier <a href="http://www.loc.gov/catdir/enhancements/fy0827/2007032309-d.html">http://www.loc.gov/catdir/enhancements/fy0827/2007032309-d.html</a>
906 ## - LOCAL DATA ELEMENT F, LDF (RLIN)
a 7
b cbc
c orignew
d 1
e ecip
f 20
g y-gencatlg
942 ## - ADDED ENTRY ELEMENTS (KOHA)
Source of classification or shelving scheme
Koha item type Book
Holdings
Withdrawn status Lost status Damaged status Not for loan Collection code Permanent Location Current Location Shelving location Date acquired Total Checkouts Full call number Barcode Date last seen Price effective from Koha item type
          Centre for International Peace & Stability (CIPS) Centre for International Peace & Stability (CIPS) General Stacks 04/07/2016   330.954 RAI 2007 CIPSD0000429 04/07/2016 04/07/2016 Book
© 2023 Central Library, National University of Sciences and Technology. All Rights Reserved.